000 00543nam a2200205Ia 4500
003 OSt
005 20230602114751.0
008 210423s2005 xx 000 0 und d
040 _cAL
041 _aeng
082 _a361.3
_223
_bPARS
100 _aPARKER (Jonathan);BRADLEY (Greta)
_9118877
245 _aSocial work practice
260 _aUK
_bLearning Matters
_c2005
365 _b1281
_cINR
650 _aSocial Problems & Services
_9118878
650 _aSocial Work
_9118879
906 _apractice ; Social ; work
942 _2ddc
_cBK
999 _c174782
_d174782